000
00311nam a22001217a 4500
008
230703b xxu||||| |||| 00| 0 eng d
082
_a
342.16
_b
IPU 2003
245
_a
Constitutional & Parliamentary Information
260
_b
Inter Parliamentary Union
_c
2003
300
_a
76p
440
_n
2003
942
_2
ddc
_c
BK
999
_c
3222
_d
3222